[Event "SRB-chT Premier"]
[Site "Vrnjacka Banja"]
[Date "2021.09.15"]
[Round "10.2"]
[White "Maksimovic, Branimir"]
[Black "Vuckovic, Bojan"]
[Result "1/2-1/2"]
[WhiteElo "2301"]
[BlackElo "2576"]
[PlyCount "135"]
[EventDate "2021.09.07"]
[EventType "team-tourn"]
[EventRounds "11"]
[EventCountry "SRB"]
[SourceTitle "CBM 204 Extra"]
[Source "ChessBase"]
[SourceDate "2021.11.30"]
[SourceVersion "1"]
[SourceVersionDate "2021.11.30"]
[SourceQuality "1"]
[WhiteTeam "Valjevo 2005"]
[BlackTeam "Goracici Jelica"]
[WhiteTeamCountry "SRB"]
[BlackTeamCountry "SRB"]

1. e4 c5 2. Nf3 e6 3. g3 Nc6 4. Bg2 Nf6 5. Qe2 Be7 6. 0-0 0-0 7. e5 Nd5 8. c4 Nb6 9. b3 d6 10. exd6 Bxd6 11. Bb2 e5 12. Nc3 Bg4 13. Nd5 Re8 14. d3 Qd7 15. Ne3 Nd4 16. Qd1 Bh5 17. h3 Bxf3 18. Bxf3 Nxf3+ 19. Qxf3 Qxh3 20. Nf5 Bf8 21. Rfe1 Nd7 22. Re4 g6 23. Ne3 Qe6 24. Nd5 Qd6 25. g4 Bg7 26. Rae1 Re6 27. Kg2 Rf8 28. g5 f6 29. gxf6 Bxf6 30. Qh3 Bg7 31. d4 cxd4 32. Ba3 Qxa3 33. Qxe6+ Rf7 34. Qe8+ Nf8 35. R1e2 Qd6 36. f4 exf4 37. Kf3 g5 38. Rg2 Qh6 39. Ne7+ Rxe7 40. Rxe7 Qh3+ 41. Kf2 Qf5 42. Qb5 Qxb5 43. cxb5 h6 44. Kf3 Ng6 45. Rxb7 Nh4+ 46. Ke4 Nxg2 47. Rxa7 f3 48. Kxf3 Nf4 49. b6 d3 50. Rd7 Ne6 51. b7 Be5 52. Kg4 Nc5 53. Rd5 d2 54. Rxd2 Nxb7 55. Kf5 Bf4 56. Rd7 Nd6+ 57. Kg6 Kf8 58. Kh5 Ke8 59. Rh7 Nf7 60. Rg7 Ne5 61. a4 Kf8 62. Rc7 g4 63. a5 g3 64. a6 Be3 65. a7 Bxa7 66. Rxa7 g2 67. Ra1 Nf3 68. Kxh6 1/2-1/2

[Event "SRB-chT Premier"]
[Site "Vrnjacka Banja"]
[Date "2021.09.08"]
[Round "2.4"]
[White "Vuckovic, Bojan"]
[Black "Tadic, Branko"]
[Result "1-0"]
[WhiteElo "2576"]
[BlackElo "2476"]
[PlyCount "57"]
[EventDate "2021.09.07"]
[EventType "team-tourn"]
[EventRounds "11"]
[EventCountry "SRB"]
[SourceTitle "CBM 204 Extra"]
[Source "ChessBase"]
[SourceDate "2021.11.30"]
[SourceVersion "1"]
[SourceVersionDate "2021.11.30"]
[SourceQuality "1"]
[WhiteTeam "Goracici Jelica"]
[BlackTeam "Vladimirci"]
[WhiteTeamCountry "SRB"]
[BlackTeamCountry "SRB"]

1. e4 e5 2. Nf3 Nc6 3. Bb5 a6 4. Ba4 Nf6 5. 0-0 Nxe4 6. d4 b5 7. Bb3 d5 8. dxe5 Be6 9. c3 Be7 10. Nbd2 0-0 11. Bc2 Nxd2 12. Qxd2 Qd7 13. a4 b4 14. a5 Qc8 15. Qd3 g6 16. Bh6 Rd8 17. Qe3 Bf5 18. Bb3 Rb8 19. Rfc1 Qe6 20. Nd4 Nxd4 21. cxd4 Rbc8 22. f3 c6 23. g4 Bxg4 24. fxg4 g5 25. Qh3 c5 26. Qh5 c4 27. Bc2 b3 28. Bf5 Qc6 29. Bxg5 1-0

[Event "SRB-chT Premier"]
[Site "Vrnjacka Banja"]
[Date "2021.09.07"]
[Round "1.3"]
[White "Vuckovic, Bojan"]
[Black "Jocev, Milan"]
[Result "1/2-1/2"]
[WhiteElo "2576"]
[BlackElo "2291"]
[PlyCount "125"]
[EventDate "2021.09.07"]
[EventType "team-tourn"]
[EventRounds "11"]
[EventCountry "SRB"]
[SourceTitle "CBM 204 Extra"]
[Source "ChessBase"]
[SourceDate "2021.11.30"]
[SourceVersion "1"]
[SourceVersionDate "2021.11.30"]
[SourceQuality "1"]
[WhiteTeam "Goracici Jelica"]
[BlackTeam "Belgrade Itaka"]
[WhiteTeamCountry "SRB"]
[BlackTeamCountry "SRB"]

1. e4 c6 2. d4 d5 3. e5 Bf5 4. Nf3 e6 5. Be2 Nd7 6. 0-0 Bg6 7. Nbd2 Ne7 8. Nb3 Nc8 9. a4 Be7 10. a5 a6 11. Be3 0-0 12. Re1 Na7 13. h3 Rc8 14. c4 Bb4 15. Bd2 Be7 16. Nc1 Be4 17. Qb3 Qc7 18. Nd3 dxc4 19. Qxc4 Bd5 20. Qa4 Nb5 21. Rac1 Qd8 22. Nf4 Bxf3 23. Bxf3 Nc5 24. dxc5 Qxd2 25. Qc4 Bg5 26. Nh5 Qd4 27. Rc2 Rfd8 28. Qf1 Qd3 29. Qxd3 Rxd3 30. Be2 Rd2 31. Rxd2 Bxd2 32. Rd1 Bxa5 33. Rd7 Bc7 34. Bxb5 axb5 35. f4 b6 36. cxb6 Bxb6+ 37. Kf1 Rd8 38. Rb7 Bd4 39. b3 h6 40. Ke2 Rd5 41. Ng3 Bc3 42. Ne4 Bb4 43. Rb6 Rd4 44. Ke3 Rd1 45. Rxc6 Rb1 46. Nd6 Rxb3+ 47. Ke4 Bd2 48. f5 exf5+ 49. Kxf5 Rc3 50. Rb6 Rc7 51. Rxb5 Re7 52. Rb8+ Kh7 53. Ne4 Bg5 54. Nxg5+ hxg5 55. g4 g6+ 56. Kf6 Re6+ 57. Kxf7 Rxe5 58. Rg8 Re3 59. Rg7+ Kh8 60. Rxg6 Rf3+ 61. Rf6 Rxh3 62. Rf5 Rh7+ 63. Kg6 1/2-1/2

[Event "SRB-chT Premier"]
[Site "Ruma"]
[Date "2020.09.29"]
[Round "6.6"]
[White "Vuckovic, Bojan"]
[Black "Tadic, Branko"]
[Result "1-0"]
[WhiteElo "2578"]
[BlackElo "2500"]
[PlyCount "93"]
[EventDate "2020.09.25"]
[EventType "team-tourn"]
[EventRounds "11"]
[EventCountry "SRB"]
[SourceTitle "CBM 198 Extra"]
[Source "ChessBase"]
[SourceDate "2020.11.30"]
[SourceVersion "1"]
[SourceVersionDate "2020.11.30"]
[SourceQuality "1"]
[WhiteTeam "Goracici Jelica"]
[BlackTeam "Vladimirci"]
[WhiteTeamCountry "SRB"]
[BlackTeamCountry "SRB"]

1. e4 d6 2. d4 Nf6 3. Nc3 e5 4. Nf3 Nbd7 5. Bc4 Be7 6. a4 0-0 7. 0-0 c6 8. Re1 h6 9. h3 Re8 10. Be3 exd4 11. Bxd4 Nf8 12. Qd2 Be6 13. Bf1 d5 14. Rad1 Bb4 15. Bxf6 Qxf6 16. Nxd5 cxd5 17. Qxb4 dxe4 18. Nd4 Rad8 19. Rxe4 Bc8 20. Rxe8 Rxe8 21. Nb5 Bf5 22. Nd6 Rd8 23. Ne4 Bxe4 24. Rxd8 Qxd8 25. Qxe4 Qb6 26. b4 Ne6 27. a5 Qc7 28. Bc4 Nd8 29. Bd5 Kf8 30. g3 Qd7 31. h4 Qc7 32. Kg2 Qd7 33. c3 Qc7 34. Qd4 b6 35. a6 Qd6 36. Kf3 Ke7 37. Ke3 Kf8 38. Kd3 Ke7 39. Kc2 Kf8 40. Kb3 Ne6 41. Bxe6 Qxe6+ 42. c4 Qc8 43. c5 b5 44. Qd6+ Ke8 45. Kc3 g6 46. h5 gxh5 47. Qe5+ 1-0

[Event "SRB-chT Premier"]
[Site "Ruma"]
[Date "2020.09.25"]
[Round "1.4"]
[White "Cabarkapa, Novak"]
[Black "Vuckovic, Bojan"]
[Result "1/2-1/2"]
[WhiteElo "2453"]
[BlackElo "2578"]
[PlyCount "75"]
[EventDate "2020.09.25"]
[EventType "team-tourn"]
[EventRounds "11"]
[EventCountry "SRB"]
[SourceTitle "CBM 198 Extra"]
[Source "ChessBase"]
[SourceDate "2020.11.30"]
[SourceVersion "1"]
[SourceVersionDate "2020.11.30"]
[SourceQuality "1"]
[WhiteTeam "Subotica Spartak"]
[BlackTeam "Goracici Jelica"]
[WhiteTeamCountry "SRB"]
[BlackTeamCountry "SRB"]

1. c4 c5 2. Nf3 Nf6 3. Nc3 e6 4. e3 Nc6 5. d4 d5 6. cxd5 exd5 7. Bb5 cxd4 8. Nxd4 Bd7 9. 0-0 Bd6 10. e4 Nxe4 11. Nxc6 Bxc6 12. Qxd5 0-0 13. Bxc6 Nxc3 14. Qf3 bxc6 15. Qxc3 Qc7 16. g3 Be5 17. Qc4 a5 18. Rb1 Rad8 19. Be3 Rfe8 20. Rfe1 Re6 21. b3 Rd5 22. Rbd1 Qd8 23. Rxd5 cxd5 24. Rd1 Rd6 25. Qb5 Bc3 26. Bc5 Re6 27. Qd3 Re1+ 28. Rxe1 Bxe1 29. a3 Qd7 30. Kf1 Qc6 31. b4 axb4 32. axb4 Qe6 33. Qe2 Bc3 34. Qxe6 fxe6 35. b5 Kf7 36. Ke2 Ke8 37. Kd3 Be1 38. f4 1/2-1/2

[Event "SRB-chT"]
[Site "Subotica"]
[Date "2019.08.30"]
[Round "9.4"]
[White "Cabarkapa, Novak"]
[Black "Vuckovic, Bojan"]
[Result "1-0"]
[WhiteElo "2434"]
[BlackElo "2581"]
[PlyCount "71"]
[EventDate "2019.08.22"]
[EventType "team-tourn"]
[EventRounds "11"]
[EventCountry "SRB"]
[SourceTitle "EXT 2020"]
[Source "ChessBase"]
[SourceDate "2019.10.17"]
[SourceVersion "1"]
[SourceVersionDate "2019.10.17"]
[SourceQuality "1"]
[WhiteTeam "Subotica Spartak"]
[BlackTeam "Goracici Jelica"]
[WhiteTeamCountry "SRB"]
[BlackTeamCountry "SRB"]

1. d4 Nf6 2. Nc3 d5 3. Bf4 a6 4. e3 e6 5. Nf3 c5 6. dxc5 Bxc5 7. Bd3 b5 8. 0-0 Bb7 9. Qe2 Nbd7 10. a3 0-0 11. e4 dxe4 12. Nxe4 Nxe4 13. Bxe4 Bxe4 14. Qxe4 Nf6 15. Qe2 Qb6 16. Bg5 Nd5 17. Ne5 Qc7 18. c4 bxc4 19. Nxc4 a5 20. Rac1 Rfc8 21. Qg4 Be7 22. Bxe7 Qxe7 23. Nxa5 Rxc1 24. Rxc1 f5 25. Qa4 h6 26. g3 Qg5 27. Rd1 Ne3 28. h4 Qh5 29. Re1 f4 30. Qxf4 Nc2 31. Qe4 Qxa5 32. Rc1 Nxa3 33. Qxe6+ Kh8 34. Ra1 Qd2 35. bxa3 Rxa3 36. Qc8+ 1-0

[Event "SRB-chT"]
[Site "Subotica"]
[Date "2019.08.24"]
[Round "3.6"]
[White "Vuckovic, Bojan"]
[Black "Popov, Sinisa S"]
[Result "1-0"]
[WhiteElo "2581"]
[BlackElo "2440"]
[PlyCount "67"]
[EventDate "2019.08.22"]
[EventType "team-tourn"]
[EventRounds "11"]
[EventCountry "SRB"]
[SourceTitle "EXT 2020"]
[Source "ChessBase"]
[SourceDate "2019.10.17"]
[SourceVersion "1"]
[SourceVersionDate "2019.10.17"]
[SourceQuality "1"]
[WhiteTeam "Goracici Jelica"]
[BlackTeam "Elemir Naftagas"]
[WhiteTeamCountry "SRB"]
[BlackTeamCountry "SRB"]

1. e4 e6 2. d4 d5 3. Nc3 Nf6 4. Bg5 Be7 5. e5 Nfd7 6. Bxe7 Qxe7 7. f4 0-0 8. Nf3 c5 9. Qd2 Nc6 10. dxc5 f6 11. exf6 Qxf6 12. g3 Nxc5 13. 0-0-0 Rd8 14. Qe2 Bd7 15. Bh3 Rac8 16. Rhe1 b5 17. Qxb5 Nd4 18. Qf1 Nxc2 19. Kxc2 Ba4+ 20. Kb1 Bxd1 21. Rxd1 d4 22. Nb5 d3 23. Ne5 Rb8 24. Nc3 Rb6 25. Ka1 Rdb8 26. Qf2 Qe7 27. Nxd3 Nxd3 28. Rxd3 Rxb2 29. Qxb2 Rxb2 30. Kxb2 e5 31. Rd2 Qb4+ 32. Kc2 exf4 33. Be6+ Kf8 34. Rd8+ 1-0

[Event "EU-Cup 34th"]
[Site "Porto Carras"]
[Date "2018.10.17"]
[Round "6.5"]
[White "Antipov, Mikhail Al"]
[Black "Vuckovic, Bojan"]
[Result "1-0"]
[WhiteElo "2593"]
[BlackElo "2588"]
[PlyCount "71"]
[EventDate "2018.10.12"]
[EventType "team-swiss"]
[EventRounds "7"]
[EventCountry "GRE"]
[SourceTitle "CBM 187"]
[Source "ChessBase"]
[SourceDate "2018.12.11"]
[SourceVersion "1"]
[SourceVersionDate "2018.12.11"]
[SourceQuality "1"]
[WhiteTeam "Molodezhka"]
[BlackTeam "Itaka"]
[WhiteTeamCountry "RUS"]
[BlackTeamCountry "SRB"]

1. e4 c5 2. Nf3 Nc6 3. Bb5 g6 4. Bxc6 bxc6 5. 0-0 Bg7 6. Re1 Nh6 7. c3 0-0 8. h3 f5 9. e5 Nf7 10. d3 Qc7 11. Bf4 d6 12. Qe2 Ba6 13. c4 d5 14. Nc3 Nd8 15. Na4 Ne6 16. g3 Rad8 17. b3 h6 18. h4 Kh7 19. Rac1 Bc8 20. Qe3 d4 21. Qd2 Bd7 22. Kg2 Be8 23. Re2 Rg8 24. Rh1 Bf8 25. Nxc5 Nxc5 26. e6 Qc8 27. Ng5+ Kh8 28. b4 Rg7 29. bxc5 hxg5 30. hxg5+ Kg8 31. Be5 Rh7 32. Rxh7 Kxh7 33. Qf4 Bg7 34. Qh4+ Kg8 35. Bxg7 Kxg7 36. Re1 1-0

[Event "SRB-chT"]
[Site "Valjevo"]
[Date "2018.09.05"]
[Round "6.4"]
[White "Vuckovic, Bojan"]
[Black "Savic, Miodrag R"]
[Result "1/2-1/2"]
[WhiteElo "2588"]
[BlackElo "2519"]
[PlyCount "100"]
[EventDate "2018.08.31"]
[EventType "team-tourn"]
[EventRounds "11"]
[EventCountry "SRB"]
[SourceTitle "CBM 186 Extra"]
[Source "ChessBase"]
[SourceDate "2018.08.24"]
[SourceVersion "1"]
[SourceVersionDate "2018.08.24"]
[SourceQuality "1"]
[WhiteTeam "Belgrade Itaka"]
[BlackTeam "Valjevo 2005"]
[WhiteTeamCountry "SRB"]
[BlackTeamCountry "SRB"]

1. e4 d5 2. exd5 Qxd5 3. Nc3 Qa5 4. d4 c6 5. Bc4 Bf5 6. Nf3 e6 7. Bd2 Nf6 8. Nd5 Qd8 9. Nxf6+ gxf6 10. 0-0 Bg7 11. Re1 0-0 12. Bf4 Bg6 13. c3 Nd7 14. Qd2 Re8 15. Bh6 Qc7 16. h3 Rad8 17. Nh2 Bh8 18. Rad1 Nb6 19. Be2 c5 20. Bb5 Re7 21. Bf4 e5 22. Qe2 a6 23. Bd3 cxd4 24. Bxg6 hxg6 25. cxd4 Qc4 26. Qxc4 Nxc4 27. b3 Red7 28. bxc4 exf4 29. Nf3 f5 30. Rd2 Bf6 31. h4 Rd6 32. c5 Rd5 33. Kf1 Kf8 34. Rb1 R8d7 35. Rbd1 Ke8 36. Ke2 Kd8 37. Rd3 Kc7 38. Kd2 Re7 39. Kc2 b6 40. cxb6+ Kxb6 41. Rb3+ Ka7 42. Rb4 Rc7+ 43. Kd3 Ra5 44. Rd2 Ra3+ 45. Rb3 Ra4 46. Rc3 Rd7 47. Rc4 Ra3+ 48. Rc3 Ra4 49. Rc4 Ra3+ 50. Rc3 Ra4 1/2-1/2

[Event "SRB-chT"]
[Site "Valjevo"]
[Date "2018.09.02"]
[Round "3.2"]
[White "Pap, Misa"]
[Black "Vuckovic, Bojan"]
[Result "1/2-1/2"]
[WhiteElo "2478"]
[BlackElo "2588"]
[PlyCount "115"]
[EventDate "2018.08.31"]
[EventType "team-tourn"]
[EventRounds "11"]
[EventCountry "SRB"]
[SourceTitle "CBM 186 Extra"]
[Source "ChessBase"]
[SourceDate "2018.08.24"]
[SourceVersion "1"]
[SourceVersionDate "2018.08.24"]
[SourceQuality "1"]
[WhiteTeam "Kac Jugovic"]
[BlackTeam "Belgrade Itaka"]
[WhiteTeamCountry "SRB"]
[BlackTeamCountry "SRB"]

1. e4 c5 2. c3 Nf6 3. e5 Nd5 4. Nf3 Nc6 5. Bc4 Nb6 6. Bb3 c4 7. Bc2 d6 8. exd6 Qxd6 9. 0-0 Bg4 10. h3 Bh5 11. Re1 0-0-0 12. b3 Qf6 13. Be4 Ne5 14. g4 Nxf3+ 15. Qxf3 Qxf3 16. Bxf3 Bg6 17. Na3 e6 18. Nxc4 Nxc4 19. bxc4 Bd3 20. a4 Be7 21. a5 a6 22. c5 Bxc5 23. Ba3 Bd6 24. Bxd6 Rxd6 25. Re5 Kb8 26. Ra2 Rc8 27. Rb2 Rc7 28. Re3 Rcd7 29. Rb4 Ka7 30. Kg2 f6 31. c4 Rd4 32. Rxe6 Bxc4 33. Reb6 Bd5 34. Rxd4 Bxf3+ 35. Kxf3 Rxd4 36. Re6 Ra4 37. Re7 Rxa5 38. Rxg7 Ra3+ 39. Ke4 Rxh3 40. d4 a5 41. d5 a4 42. d6 Rh1 43. d7 Rd1 44. Rxh7 Kb6 45. f4 Kc6 46. g5 fxg5 47. fxg5 Rxd7 48. g6 Rd1 49. g7 Rg1 50. Kf5 Kb5 51. Kf6 a3 52. Rh5+ Kb4 53. Rh4+ Kb3 54. Rh3+ Kb2 55. Rh2+ Kc3 56. Rh3+ Kb2 57. Rh2+ Kb3 58. Rh3+ 1/2-1/2

[Event "MNT-chT"]
[Site "Montenegro"]
[Date "2017.10.01"]
[Round "9.3"]
[White "Vuckovic, Bojan"]
[Black "Bogosavljevic, Boban"]
[Result "1/2-1/2"]
[WhiteElo "2576"]
[BlackElo "2532"]
[PlyCount "24"]
[EventDate "2017.09.23"]
[EventType "team"]
[EventRounds "9"]
[EventCountry "MNE"]
[SourceTitle "EXT 2019"]
[Source "ChessBase"]
[SourceDate "2018.10.10"]
[SourceVersion "1"]
[SourceVersionDate "2018.10.10"]
[SourceQuality "1"]
[WhiteTeam "Rokada"]
[BlackTeam "Mimoza"]
[WhiteTeamCountry "MNE"]
[BlackTeamCountry "MNE"]

1. e4 c6 2. d4 d5 3. Nc3 dxe4 4. Nxe4 Bf5 5. Ng3 Bg6 6. h4 h6 7. Nf3 Nd7 8. h5 Bh7 9. Bd3 Bxd3 10. Qxd3 e6 11. Bd2 Ngf6 12. 0-0-0 Be7 1/2-1/2

[Event "MNT-chT"]
[Site "Montenegro"]
[Date "2017.09.27"]
[Round "5.4"]
[White "Vuckovic, Bojan"]
[Black "Draskovic, Luka"]
[Result "1-0"]
[WhiteElo "2576"]
[BlackElo "2450"]
[PlyCount "77"]
[EventDate "2017.09.23"]
[EventType "team"]
[EventRounds "9"]
[EventCountry "MNE"]
[SourceTitle "EXT 2019"]
[Source "ChessBase"]
[SourceDate "2018.10.10"]
[SourceVersion "1"]
[SourceVersionDate "2018.10.10"]
[SourceQuality "1"]
[WhiteTeam "Rokada"]
[BlackTeam "Elektroprivreda"]
[WhiteTeamCountry "MNE"]
[BlackTeamCountry "MNE"]

1. e4 d6 2. d4 Nf6 3. Nc3 e5 4. Nf3 exd4 5. Nxd4 Be7 6. g3 0-0 7. Bg2 Nc6 8. Nxc6 bxc6 9. 0-0 Nd7 10. b3 Bf6 11. Bb2 Rb8 12. Rb1 c5 13. Nd5 Bxb2 14. Rxb2 Nb6 15. Rb1 Nxd5 16. Qxd5 Re8 17. Rfe1 Bb7 18. Qd2 Bc6 19. Re3 Qc8 20. Rbe1 Qb7 21. f4 Re6 22. e5 Bxg2 23. Qxg2 Qxg2+ 24. Kxg2 Rbe8 25. Kf3 Kf8 26. R1e2 dxe5 27. Rxe5 Rxe5 28. fxe5 Re6 29. Ke4 Ra6 30. c3 c6 31. Kd3 Ke7 32. Kc4 Kd7 33. Rf2 Ke6 34. Kxc5 h5 35. a4 Ra5+ 36. Kxc6 Rxe5 37. b4 Re4 38. Kb7 a5 39. bxa5 1-0

[Event "MNT-chT"]
[Site "Montenegro"]
[Date "2017.09.26"]
[Round "4.1"]
[White "Pavlovic, Milos"]
[Black "Vuckovic, Bojan"]
[Result "1/2-1/2"]
[WhiteElo "2477"]
[BlackElo "2576"]
[PlyCount "81"]
[EventDate "2017.09.23"]
[EventType "team"]
[EventRounds "9"]
[EventCountry "MNE"]
[SourceTitle "EXT 2019"]
[Source "ChessBase"]
[SourceDate "2018.10.10"]
[SourceVersion "1"]
[SourceVersionDate "2018.10.10"]
[SourceQuality "1"]
[WhiteTeam "Niksic"]
[BlackTeam "Rokada"]
[WhiteTeamCountry "MNE"]
[BlackTeamCountry "MNE"]

1. d4 Nf6 2. Nf3 g6 3. g3 Bg7 4. Bg2 d5 5. 0-0 0-0 6. Nbd2 c6 7. b3 a5 8. c4 Bf5 9. Bb2 Ne4 10. Nh4 Nxd2 11. Qxd2 Be6 12. cxd5 cxd5 13. Nf3 Nc6 14. Ne5 a4 15. Nxc6 bxc6 16. Ba3 Re8 17. Bc5 Bf5 18. e3 e5 19. dxe5 Bxe5 20. Bd4 Be4 21. Bxe5 Rxe5 22. Qc3 Bxg2 23. Qxe5 Bxf1 24. Rxf1 axb3 25. axb3 Qb6 26. Rc1 Qxb3 27. Rxc6 Qb1+ 28. Kg2 Qe4+ 29. Qxe4 dxe4 30. g4 Kg7 31. h4 h6 32. Rc5 Kf6 33. g5+ hxg5 34. hxg5+ Ke6 35. Kg3 Rh8 36. Rc6+ Kf5 37. Rf6+ Kxg5 38. Rxf7 Rh4 39. Ra7 Rg4+ 40. Kh3 Rh4+ 41. Kg3 1/2-1/2

[Event "MNT-chT"]
[Site "Montenegro"]
[Date "2017.09.24"]
[Round "2.1"]
[White "Vuckovic, Bojan"]
[Black "Berkes, Ferenc"]
[Result "1-0"]
[WhiteElo "2576"]
[BlackElo "2661"]
[PlyCount "49"]
[EventDate "2017.09.23"]
[EventType "team"]
[EventRounds "9"]
[EventCountry "MNE"]
[SourceTitle "CBM 180 Extra"]
[Source "ChessBase"]
[SourceDate "2017.10.06"]
[SourceVersion "1"]
[SourceVersionDate "2017.10.06"]
[SourceQuality "1"]
[WhiteTeam "Rokada"]
[BlackTeam "Buducnost"]
[WhiteTeamCountry "MNE"]
[BlackTeamCountry "MNE"]

1. e4 e5 2. Nf3 Nc6 3. Bb5 a6 4. Ba4 Nf6 5. 0-0 Be7 6. Re1 b5 7. Bb3 d6 8. c3 0-0 9. h3 Nb8 10. d4 Nbd7 11. Nbd2 c5 12. Nf1 Re8 13. Ng3 Bf8 14. Ng5 c4 15. Bc2 h6 16. Nf3 Qc7 17. Be3 g6 18. Qd2 Kh7 19. Nh2 d5 20. dxe5 Nxe5 21. Bd4 Ned7 22. e5 Nxe5 23. Qf4 Nfd7 24. Ng4 Bg7 25. Nh5 1-0

[Event "SRB-chT"]
[Site "Ruma"]
[Date "2017.09.11"]
[Round "11.4"]
[White "Bogosavljevic, Boban"]
[Black "Vuckovic, Bojan"]
[Result "0-1"]
[WhiteElo "2532"]
[BlackElo "2576"]
[PlyCount "110"]
[EventDate "2017.09.01"]
[EventType "team-tourn"]
[EventRounds "11"]
[EventCountry "SRB"]
[SourceTitle "CBM 180 Extra"]
[Source "ChessBase"]
[SourceDate "2017.10.06"]
[SourceVersion "1"]
[SourceVersionDate "2017.10.06"]
[SourceQuality "1"]
[WhiteTeam "Goracici Jelica"]
[BlackTeam "Belgrade Itaka"]
[WhiteTeamCountry "SRB"]
[BlackTeamCountry "SRB"]

1. Nf3 Nf6 2. c4 c5 3. g3 b6 4. Bg2 Bb7 5. 0-0 e6 6. Nc3 Be7 7. d4 cxd4 8. Qxd4 0-0 9. Bg5 h6 10. Bxf6 Bxf6 11. Qd2 Na6 12. Rac1 Nc5 13. Rfd1 Rc8 14. Nd4 Bxg2 15. Kxg2 a6 16. Nf3 Qe7 17. b4 Bxc3 18. Qxc3 Nb7 19. a3 d6 20. e4 Qc7 21. Qe3 a5 22. Nd4 axb4 23. axb4 Ra8 24. Qb3 Ra6 25. Kg1 Rfa8 26. Nb5 Qc6 27. Qd3 Ra4 28. Rb1 Rc8 29. Rdc1 Rd8 30. h4 Rc8 31. Qd4 Rd8 32. Qe3 Rda8 33. Nd4 Qd7 34. Nb5 Qc6 35. Nc3 Ra3 36. Qe2 Rc8 37. Nb5 Ra4 38. Qd1 Rca8 39. Qd4 Rd8 40. Nc3 Ra3 41. h5 Rc8 42. Nd1 Nd8 43. Ne3 f6 44. Ra1 Rca8 45. Rxa3 Rxa3 46. c5 bxc5 47. bxc5 Nf7 48. Qb2 Ra8 49. cxd6 Qxd6 50. Qb7 Rb8 51. Qa7 Qb4 52. Rc7 Qe1+ 53. Kg2 Rb1 54. Qa8+ Kh7 55. Kh3 Qh1+ 0-1

[Event "SRB-chT"]
[Site "Ruma"]
[Date "2017.09.10"]
[Round "10.4"]
[White "Vuckovic, Bojan"]
[Black "Rogac, Srdjan"]
[Result "1-0"]
[WhiteElo "2576"]
[BlackElo "2356"]
[PlyCount "49"]
[EventDate "2017.09.01"]
[EventType "team-tourn"]
[EventRounds "11"]
[EventCountry "SRB"]
[SourceTitle "CBM 180 Extra"]
[Source "ChessBase"]
[SourceDate "2017.10.06"]
[SourceVersion "1"]
[SourceVersionDate "2017.10.06"]
[SourceQuality "1"]
[WhiteTeam "Belgrade Itaka"]
[BlackTeam "Novi Banovci Omladinac"]
[WhiteTeamCountry "SRB"]
[BlackTeamCountry "SRB"]

1. e4 c6 2. d4 d5 3. e5 Bf5 4. Nf3 e6 5. Be2 c5 6. Be3 cxd4 7. Nxd4 Ne7 8. 0-0 Nbc6 9. Bb5 a6 10. Bxc6+ bxc6 11. c4 dxc4 12. Qa4 Bd3 13. Rd1 Qd7 14. Na3 Nd5 15. Nxc4 Bxc4 16. Qxc4 Nxe3 17. fxe3 c5 18. Nxe6 Qxe6 19. Qa4+ Ke7 20. Rd6 Qc8 21. Rad1 Ra7 22. Qh4+ f6 23. exf6+ Kf7 24. Qh5+ g6 25. Qd5+ 1-0

[Event "SRB-chT"]
[Site "Ruma"]
[Date "2017.09.05"]
[Round "5.4"]
[White "Vuckovic, Bojan"]
[Black "Bozic, Milan"]
[Result "1-0"]
[WhiteElo "2576"]
[BlackElo "2406"]
[PlyCount "41"]
[EventDate "2017.09.01"]
[EventType "team-tourn"]
[EventRounds "11"]
[EventCountry "SRB"]
[SourceTitle "CBM 180 Extra"]
[Source "ChessBase"]
[SourceDate "2017.10.06"]
[SourceVersion "1"]
[SourceVersionDate "2017.10.06"]
[SourceQuality "1"]
[WhiteTeam "Belgrade Itaka"]
[BlackTeam "Valjevo Sveti Nikolaj"]
[WhiteTeamCountry "SRB"]
[BlackTeamCountry "SRB"]

1. e4 d6 2. d4 c6 3. Nf3 Bg4 4. h3 Bh5 5. Nc3 Nd7 6. g4 Bg6 7. h4 h5 8. g5 e6 9. Qe2 Ne7 10. d5 e5 11. dxc6 bxc6 12. Be3 Qa5 13. 0-0-0 Rb8 14. Nd2 d5 15. Bh3 f5 16. Nb3 Rxb3 17. cxb3 fxe4 18. f3 Nc5 19. Bxc5 Qxc5 20. fxe4 Bxe4 21. b4 1-0

[Event "SRB-chT"]
[Site "Ruma"]
[Date "2017.09.02"]
[Round "2.4"]
[White "Lazic, Miroljub"]
[Black "Vuckovic, Bojan"]
[Result "1/2-1/2"]
[WhiteElo "2464"]
[BlackElo "2576"]
[PlyCount "148"]
[EventDate "2017.09.01"]
[EventType "team-tourn"]
[EventRounds "11"]
[EventCountry "SRB"]
[SourceTitle "CBM 180 Extra"]
[Source "ChessBase"]
[SourceDate "2017.10.06"]
[SourceVersion "1"]
[SourceVersionDate "2017.10.06"]
[SourceQuality "1"]
[WhiteTeam "Ruma Sloven"]
[BlackTeam "Belgrade Itaka"]
[WhiteTeamCountry "SRB"]
[BlackTeamCountry "SRB"]

1. Nf3 Nf6 2. g3 d5 3. Bg2 c6 4. 0-0 Bg4 5. d3 Nbd7 6. Nbd2 e5 7. h3 Bh5 8. e4 Bd6 9. Qe1 0-0 10. Nh4 Re8 11. Nf5 Bf8 12. a3 a5 13. b3 b5 14. Bb2 Qb6 15. Kh1 Rad8 16. Nf3 dxe4 17. dxe4 Bxf3 18. Bxf3 g6 19. Ne3 Nc5 20. Bc3 Ra8 21. Nd1 Nfd7 22. Nb2 a4 23. b4 Ne6 24. Bg4 Rad8 25. Bxe6 Rxe6 26. Rd1 Bh6 27. Rd3 Nf8 28. Qd1 Rc8 29. Qe2 Ree8 30. Rfd1 Bg7 31. Bd2 Rcd8 32. Be3 Qc7 33. c4 Rxd3 34. Qxd3 Qb8 35. Qd6 Qc8 36. Kg2 Ne6 37. cxb5 cxb5 38. Rc1 Qa8 39. Qc6 Nd4 40. Qxa8 Rxa8 41. Bxd4 exd4 42. Nd3 Ra7 43. Rc8+ Bf8 44. e5 Kg7 45. Kf3 Be7 46. Ke4 Rd7 47. Rb8 Rc7 48. Kxd4 Rc4+ 49. Ke3 Rc3 50. Rxb5 Rxa3 51. Rb7 Kf8 52. Kd4 Ra1 53. Rb8+ Kg7 54. Re8 Bf8 55. f4 a3 56. Ra8 a2 57. Kc3 Be7 58. g4 Bd8 59. Ra3 Bb6 60. Kb3 Rh1 61. Rxa2 Rxh3 62. Kc4 h5 63. gxh5 gxh5 64. Ra6 Be3 65. b5 Rh1 66. f5 Rh4+ 67. Kc3 Bd4+ 68. Kb3 Rh3 69. Kc4 Rh4 70. Kd5 Be3 71. Ra3 Rd4+ 72. Kc6 Rc4+ 73. Kd5 Rd4+ 74. Kc6 Rc4+ 1/2-1/2